Afirmación de la identidad cultural en América Latina, preservación y desarrollo de los valores que la componen /
Se comienza señalando que cualquier intento por estudiar la afirmación de la identidad cultural, dentro del marco de América Latina debe de partir de un concepto dinámico, integral y democrático de cultura y donde se tomen en consideración las siguientes nociones, que la cultura es una síntesis de l...
保存先:
| 第一著者: | |
|---|---|
| フォーマット: | テキスト |
| 主題: | |
| タグ: |
タグ追加
タグなし, このレコードへの初めてのタグを付けませんか!
|
MARC
| LEADER | 00000 a a2200000 04500 | ||
|---|---|---|---|
| 001 | 869 | ||
| 003 | |||
| 040 | |||
| 100 | |a Díaz C, Roberto | ||
| 245 | |a Afirmación de la identidad cultural en América Latina, preservación y desarrollo de los valores que la componen / |c Roberto Díaz C | ||
| 520 | |a Se comienza señalando que cualquier intento por estudiar la afirmación de la identidad cultural, dentro del marco de América Latina debe de partir de un concepto dinámico, integral y democrático de cultura y donde se tomen en consideración las siguientes nociones, que la cultura es una síntesis de la experiencia colectiva de los pueblos a lo largo de la historia, es por ello " memoria colectiva, conocimientos transmitidos de una generación a otra, herencia social que posibilita la integración de los miembros de una comunidad, integrando sus nomas de comportamiento, valores sabiduría y habilidades". La culura es vista como la síntesis de los valores materiales y espirituales de una comunidad, como un conjunto de formas y resultados de la actividad humana difundidos y consolidados en el seno de la colectividad por medio de la tradición de los medios institucionalizados de enseñanza-aprendizaje, por la imitación, de la realización de modelos comunes, extendidos no solamente en el campo de la producción material y organización de la vida social, sino a todas las manifestaciones de creación intelectual y artística. LOB/LOB | ||
| 650 | |a IDENTIDAD CULTURAL | ||
| 650 | |a VALORES CULTURALES | ||
| 650 | |a PAISES EN DESARROLLO | ||
| 650 | |a PUB.IIS | ||
| 650 | |a SISTEMAS POLITICOS | ||
| 650 | |a CONDICIONES DE VIDA | ||
| 650 | |a FOLKLORE | ||
| 650 | |a CULTURA POPULAR | ||
| 773 | |g número 4; páginas 127-154 | ||
| 999 | |c 27141 |d 27141 | ||
| 773 | 0 | |0 18765 |9 5884 |a Universidad de Costa Rica. |d San José, Costa Rica: Editorial Universidad de Costa Rica, 1974- |o MFN: 8550 |t Anuario de Estudios Centroamericanos / |x 03777316 | |
